[Event "Europe Chess GM"]
[Site "Eger"]
[Date "2002.03.22"]
[Round "3"]
[White "Varga, Zoltan"]
[Black "Seres, Lajos"]
[Result "1/2-1/2"]
[WhiteElo "2510"]
[BlackElo "2465"]
[PlyCount "152"]
[EventDate "2002.03.20"]
[Source "ChessBase"]
[SourceDate "2002.05.03"]

1. e4 e5 2. Nf3 Nf6 3. Nc3 Bb4 4. Nxe5 O-O 5. Nd3 Bxc3 6. dxc3 Nxe4 7. Be2 Re8 8. O-O d6 9. Re1 Nd7 10. Nf4 Ndf6 11. c4 h6 12. f3 Nc5 13. b3 Qe7 14. Qd2 Qe5 15. Rb1 Bd7 16. Bb2 Qg5 17. Rbd1 Ne6 18. Nh3 Qxd2 19. Rxd2 Nh5 20. Bf1 Nc5 21. Rxe8+ Rxe8 22. g4 Nf6 23. Bxf6 gxf6 24. Nf4 Bc6 25. Kf2 a5 26. Nh5 Re6 27. Bd3 Nxd3+ 28. cxd3 f5 29. d4 Rg6 30. gxf5 Rg5 31. Ng3 Kf8 32. Ke3 f6 33. Kf4 Kf7 34. Nf1 Bd7 35. Ne3 c6 36. d5 c5 37. h4 Rg1 38. Ng4 h5 39. Nf2 Rg2 40. a3 Ke7 41. Rb2 Kd8 42. Re2 Be8 43. Rd2 Bd7 44. Rb2 Bc8 45. b4 axb4 46. axb4 cxb4 47. Ke3 Bxf5 48. Rxb4 Kc7 49. Rb2 Bg6 50. Ra2 Rh2 51. Ra8 Rxh4 52. f4 Bc2 53. Kf3 f5 54. Ra3 Kb6 55. Ra2 Be4+ 56. Nxe4 fxe4+ 57. Kxe4 Kc5 58. Rb2 Rh1 59. Rxb7 Re1+ 60. Kd3 Rd1+ 61. Ke2 Rc1 62. f5 Kd4 63. f6 Rxc4 64. f7 Rc8 65. Re7 Rf8 66. Kf3 Kxd5 67. Kf4 Kc4 68. Rc7+ Kd4 69. Kg5 d5 70. Kxh5 Ke3 71. Re7+ Kf3 72. Kg6 d4 73. Re8 Rxf7 74. Kxf7 d3 75. Rd8 Ke2 76. Rxd3 Kxd3 1/2-1/2

[Event "Biel op"]
[Site "Biel"]
[Date "1995.??.??"]
[Round "8"]
[White "Gutman, Lev"]
[Black "Raetsky, Alexander"]
[Result "1/2-1/2"]
[WhiteElo "2470"]
[BlackElo "2505"]
[PlyCount "70"]
[EventDate "1995.07.??"]
[Source "ChessBase"]

1. e4 e5 2. Nf3 Nf6 3. Nc3 Bb4 4. Nxe5 O-O 5. Be2 Re8 6. Nd3 Bxc3 7. dxc3 Nxe4 8. O-O d6 9. f3 Nf6 10. Bg5 Nbd7 11. Nf2 h6 12. Bh4 Nf8 13. Bd3 Ng6 14. Bg3 Bd7 15. Qd2 Ne5 16. Rae1 Nxd3 17. Rxe8+ Bxe8 18. cxd3 Nh5 19. Re1 Nxg3 20. hxg3 Qg5 21. Qxg5 hxg5 22. g4 f6 23. Ne4 Kf7 24. Kf2 Bd7 25. c4 a5 26. Nc3 Bc6 27. Rc1 Re8 28. b3 Re7 29. a3 Re8 30. Rc2 Rd8 31. b4 axb4 32. axb4 Ra8 33. b5 Be8 34. Nd5 c6 35. Nb6 Rb8 1/2-1/2

[Event "Ungarn"]
[Site "?"]
[Date "1996.??.??"]
[Round "?"]
[White "Palkovi Jozsef"]
[Black "Vukanovic Sasa"]
[Result "1-0"]
[WhiteElo "2465"]
[BlackElo "2510"]
[PlyCount "81"]
[EventDate "1996.??.??"]
[Source "www.chesslib.no"]
[SourceDate "2004.05.04"]

1. e4 e5 2. Nf3 Nf6 3. Nc3 Bb4 4. Nxe5 O-O 5. Be2 Re8 6. Nd3 Bxc3 7. dxc3 Nxe4 8. Nf4 d6 9. O-O Nd7 10. c4 Nf8 11. f3 Nf6 12. b3 Qe7 13. Rf2 Qe5 14. Rb1 Bd7 15. Qd2 Ng6 16. Nd3 Qe7 17. Bf1 d5 18. Re2 Qd6 19. cxd5 Nxd5 20. c4 Nf6 21. Bb2 Bf5 22. Rd1 Rxe2 23. Bxe2 Re8 24. Bf1 h6 25. Nf2 Qe7 26. Qa5 Nh4 27. Qxa7 Nh5 28. Qd4 Qg5 29. Ng4 Nf4 30. Bc1 Nhxg2 31. Kh1 Bxg4 32. Bxg2 Ne2 33. Bxg5 Nxd4 34. fxg4 hxg5 35. Bxb7 Ne2 36. a4 Re3 37. b4 Rb3 38. b5 Ra3 39. Be4 g6 40. Bc2 Nf4 41. c5 1-0

[Event "Manila zt 3.2a"]
[Site "Manila"]
[Date "2001.04.30"]
[Round "9"]
[White "Antonio, Rogelio Jr"]
[Black "Donguines, Fernie"]
[Result "1-0"]
[WhiteElo "2548"]
[BlackElo "2425"]
[PlyCount "39"]
[EventDate "2001.04.24"]
[Source "ChessBase"]
[SourceDate "2001.07.05"]

1. e4 e5 2. Nf3 Nf6 3. Nc3 Bb4 4. Nxe5 O-O 5. Nd3 Bxc3 6. dxc3 Nxe4 7. c4 b6 8. Be2 Nc6 9. Nf4 Ba6 10. O-O Re8 11. Re1 Qh4 12. g3 Qf6 13. f3 Nc5 14. c3 Ne5 15. b4 Ne6 16. Nd5 Qf5 17. f4 Ng5 18. fxg5 Bxc4 19. Bf4 Qe4 20. Bh5 1-0

[Event "Wichern Open 3rd"]
[Site "Hamburg GER"]
[Date "1995.??.??"]
[Round "3"]
[White "Glek, Igor V"]
[Black "Panzer, Peter"]
[Result "1-0"]
[WhiteElo "2590"]
[BlackElo "2380"]
[PlyCount "67"]
[EventDate "1995.09.??"]
[Source "www.chesslib.no"]
[SourceDate "2004.05.04"]

1. e4 e5 2. Nf3 Nf6 3. Nc3 Bb4 4. Nxe5 O-O 5. Be2 Re8 6. Nd3 Bxc3 7. dxc3 Nxe4 8. Nf4 d6 9. O-O Nc6 10. c4 Bf5 11. Nd5 Ne7 12. f3 Nc5 13. Nc3 a5 14. a3 Bg6 15. g4 Nc6 16. Rf2 Qd7 17. Nd5 Ne7 18. Nf4 Ne6 19. Nxg6 Nxg6 20. f4 Nc5 21. f5 Ne5 22. Rf4 g5 23. Rd4 f6 24. Bf1 Qc6 25. Rd5 Qb6 26. Be3 Nc6 27. Bf2 Qxb2 28. Rb1 Qxa3 29. Bxc5 dxc5 30. Rb3 Qa4 31. Rxb7 Ne5 32. Rxc5 Qa3 33. Qd5+ Re6 34. Qxe6+ 1-0

[Event "BL2-West 9900"]
[Site "Germany"]
[Date "2000.01.30"]
[Round "5.2"]
[White "Votava, Jan"]
[Black "Meijers, Viesturs"]
[Result "1-0"]
[WhiteElo "2497"]
[BlackElo "2472"]
[PlyCount "119"]
[EventDate "1999.10.??"]
[Source "ChessBase"]
[SourceDate "2000.03.10"]

1. e4 e5 2. Nf3 Nf6 3. Nc3 Bb4 4. Nxe5 O-O 5. Be2 d6 6. Nd3 Bxc3 7. dxc3 Nxe4 8. O-O h6 9. f3 Nf6 10. Be3 Re8 11. Bf2 Nc6 12. Re1 Bf5 13. Qd2 Ne5 14. Bf1 Nxd3 15. cxd3 Qd7 16. Rxe8+ Rxe8 17. a4 a6 18. b4 d5 19. a5 Bg6 20. Qf4 c6 21. Re1 Rxe1 22. Bxe1 Kh7 23. Bf2 Ne8 24. Bg3 Bf5 25. h4 Qe6 26. Qe5 Qd7 27. Kf2 f6 28. Qb8 Bg6 29. Bf4 h5 30. Be2 Qe7 31. Be3 Qd7 32. Bc5 Bf7 33. Bf1 Bg6 34. Ke1 Bf7 35. Kd2 Bg6 36. Be2 Bf7 37. Bd1 Bg6 38. Bc2 Bf5 39. Kc1 Bg6 40. Kd2 Bf5 41. Bd1 Bg6 42. g4 Bf7 43. Qf4 Bg6 44. g5 fxg5 45. Qxg5 Nf6 46. Bd4 Qe6 47. Be2 Ne8 48. f4 Nf6 49. f5 Bxf5 50. Bxf6 gxf6 51. Qxh5+ Kg7 52. Qf3 Qe5 53. d4 Qe6 54. Qg3+ Kh6 55. Qe3+ Kg6 56. Qxe6 Bxe6 57. Ke3 Bf5 58. Kf4 Bc2 59. Bg4 f5 60. h5+ 1-0

[Event "Val Zemitis IM"]
[Site "San Francisco"]
[Date "2000.04.05"]
[Round "1"]
[White "Cela, Altin"]
[Black "Altounian, Levon"]
[Result "1/2-1/2"]
[WhiteElo "2527"]
[BlackElo "2438"]
[PlyCount "125"]
[EventDate "2000.04.04"]
[Source "ChessBase"]
[SourceDate "2000.05.11"]

1. e4 e5 2. Nf3 Nf6 3. Nc3 Bb4 4. d3 d5 5. Nxe5 O-O 6. Be2 Qe7 7. f4 d4 8. Bd2 dxc3 9. bxc3 Bc5 10. Bf3 Nbd7 11. d4 Nxe5 12. fxe5 Nxe4 13. dxc5 Rd8 14. Bxe4 Qh4+ 15. Kf1 Qxe4 16. Qe2 Qxc2 17. Be1 Qg6 18. Bf2 Bg4 19. Qe1 Rd3 20. h3 Be6 21. Rh2 Rad8 22. Kg1 Rd2 23. Bd4 Qc2 24. Qb1 b6 25. Qxc2 Rxc2 26. g4 Rxh2 27. Kxh2 Rd5 28. cxb6 axb6 29. Kg3 Kf8 30. Kf4 Ra5 31. a3 Ra4 32. Kf3 Ke7 33. Be3 Bd5+ 34. Kf2 Ke6 35. Bg5 Rc4 36. Rc1 Kxe5 37. Re1+ Kd6 38. Be7+ Kc6 39. Re3 Be6 40. Kg3 Kb5 41. Rf3 Ra4 42. Bf8 g6 43. Rf4 Ra8 44. Rb4+ Kc6 45. Be7 Kd7 46. Bf6 Rxa3 47. g5 Bd5 48. Kf2 Ra2+ 49. Ke3 Ke6 50. Rh4 c5 51. Rxh7 Ra8 52. Rh8 Rxh8 53. Bxh8 b5 54. Bf6 b4 55. cxb4 cxb4 56. Kf4 Bg2 57. h4 Kd5 58. Ke3 Be4 59. Be7 b3 60. Bf6 Bc2 61. Bb2 Kd6 62. Bf6 Ke6 63. Kf4 1/2-1/2

[Event "GEO Ch"]
[Site "Tbilisi GEO"]
[Date "1996.??.??"]
[Round "?"]
[White "Dgebuadze, Alexandre"]
[Black "Janjgava, Lasha"]
[Result "1/2-1/2"]
[WhiteElo "2470"]
[BlackElo "2495"]
[PlyCount "105"]
[EventDate "1996.??.??"]
[Source "www.chesslib.no"]
[SourceDate "2004.05.04"]

1. e4 e5 2. Nf3 Nf6 3. Nc3 Bb4 4. Nxe5 O-O 5. Be2 Re8 6. Nf3 Bxc3 7. dxc3 Nxe4 8. O-O d6 9. Re1 Nd7 10. Bc4 Ndf6 11. Ng5 Nxg5 12. Bxg5 Rxe1+ 13. Qxe1 Bf5 14. Bd3 Bxd3 15. cxd3 h6 16. Bxf6 Qxf6 17. Qe4 Rb8 18. Re1 a6 19. h3 g6 20. Re3 Kg7 21. Qg4 h5 22. Qe2 Rc8 23. a3 Kf8 24. Re4 Kg7 25. Qe3 b6 26. Qe2 a5 27. g3 Kf8 28. h4 Kg7 29. Qe3 Qf5 30. Qd4+ Qf6 31. Qa4 Qd8 32. Qc6 Qf6 33. Kg2 Qf5 34. a4 Qf6 35. Qb7 Qf5 36. Qc6 Qf6 37. Re3 Qf5 38. d4 Qf6 39. Qb7 Qd8 40. Qc6 Qf6 41. Kg1 Qd8 42. b3 Qf6 43. Kg2 Qd8 44. b4 Ra8 45. Kg1 Rc8 46. Re1 Ra8 47. b5 Rc8 48. Re3 Qf6 49. Kg2 Kf8 50. Qd7 Qd8 51. Qc6 Qf6 52. Qd7 Qd8 53. Qc6 1/2-1/2

[Event "Montréal"]
[Site "?"]
[Date "2004.01.05"]
[Round "4"]
[White "Yudasin Leonid"]
[Black "Roussel-Roozmon Thomas"]
[Result "1/2-1/2"]
[WhiteElo "2569"]
[BlackElo "2393"]
[PlyCount "27"]
[EventDate "2004.??.??"]
[Source "www.chesslib.no"]
[SourceDate "2004.05.04"]

1. e4 e5 2. Nf3 Nf6 3. Nc3 Bb4 4. Nxe5 O-O 5. Nd3 Bxc3 6. dxc3 Nxe4 7. Be2 Re8 8. O-O d5 9. Nf4 c6 10. c4 d4 11. Bd3 Na6 12. Re1 Bf5 13. Bf1 Qf6 14. Nd3 1/2-1/2

[Event "Wichern Open"]
[Site "Hamburg GER"]
[Date "1993.??.??"]
[Round "6"]
[White "Glek, Igor V"]
[Black "Meijers, Viesturs"]
[Result "1-0"]
[WhiteElo "2545"]
[BlackElo "2415"]
[PlyCount "49"]
[EventDate "1993.10.??"]
[Source "www.chesslib.no"]
[SourceDate "2004.05.04"]

1. e4 e5 2. Nf3 Nf6 3. Nc3 Bb4 4. Nxe5 O-O 5. Be2 d6 6. Nd3 Bxc3 7. dxc3 Nxe4 8. O-O Nc6 9. Nf4 Re8 10. c4 h6 11. Re1 Ne5 12. f3 Nf6 13. b3 Bf5 14. Bb2 Qd7 15. Qd2 Re7 16. Bf1 Rae8 17. Re2 Ng6 18. Bxf6 Rxe2 19. Nxe2 gxf6 20. Qxh6 Bxc2 21. Ng3 Qe7 22. Rc1 Qe5 23. Rxc2 Qd4+ 24. Rf2 Re1 25. Qg7+ 1-0

[Event "Andorra la Vella"]
[Site "?"]
[Date "2003.??.??"]
[Round "8"]
[White "De la Riva Oscar"]
[Black "Oms Josep"]
[Result "1/2-1/2"]
[WhiteElo "2528"]
[BlackElo "2428"]
[PlyCount "51"]
[EventDate "2003.??.??"]
[Source "www.chesslib.no"]
[SourceDate "2004.05.04"]

1. e4 e5 2. Nf3 Nf6 3. Nc3 Bb4 4. Nxe5 O-O 5. Nd3 Bxc3 6. dxc3 Nxe4 7. Be2 Re8 8. O-O d5 9. Re1 c6 10. Be3 Bf5 11. Bf1 Nd6 12. b3 Na6 13. f3 Nc7 14. Qd2 Ne6 15. Bf2 Qa5 16. a4 f6 17. Rad1 Rad8 18. Nb2 Bg6 19. Re2 Nc8 20. Rde1 Bf7 21. b4 Qc7 22. a5 b6 23. Bg3 Qd7 24. axb6 axb6 25. c4 d4 26. c3 1/2-1/2

[Event "JUG Team Ch"]
[Site "Igalo"]
[Date "1994.??.??"]
[Round "7"]
[White "Todorcevic, Miodrag"]
[Black "Nikcevic, Nebojsa"]
[Result "1/2-1/2"]
[WhiteElo "2505"]
[BlackElo "2450"]
[PlyCount "91"]
[EventDate "1994.??.??"]
[Source "www.chesslib.no"]
[SourceDate "2004.05.04"]

1. e4 e5 2. Nf3 Nf6 3. Nc3 Bb4 4. Bc4 Bxc3 5. dxc3 d6 6. Qe2 O-O 7. Bg5 Nbd7 8. O-O-O Qe8 9. g4 Kh8 10. h4 Nxg4 11. h5 Nb6 12. Bb3 a5 13. a4 Nxa4 14. Nh4 Nc5 15. f3 Nxb3+ 16. cxb3 Nh6 17. Bxh6 gxh6 18. Rdg1 Rg8 19. Qe3 Rxg1+ 20. Rxg1 Qf8 21. f4 Bd7 22. f5 f6 23. Nf3 a4 24. b4 a3 25. b3 a2 26. Kb2 a1=Q+ 27. Rxa1 Rxa1 28. Kxa1 Be8 29. Qa7 Bxh5 30. Nd2 Qc8 31. Kb2 Bg4 32. b5 h5 33. b6 h4 34. bxc7 Qxc7 35. Nc4 h3 36. Qf2 h5 37. Ne3 Qg7 38. Nd5 Qg5 39. Qb6 h2 40. Qd8+ Kg7 41. Qe7+ Kh6 42. Nxf6 Qg7 43. Nxg4+ Qxg4 44. Qf6+ Kh7 45. Qf7+ Kh6 46. Qf6+ 1/2-1/2

[Event "GM Classic"]
[Site "Gausdal"]
[Date "2004.09.28"]
[Round "6"]
[White "Smeets, Jan"]
[Black "Groenn, Atle"]
[Result "0-1"]
[WhiteElo "2545"]
[BlackElo "2409"]
[PlyCount "136"]
[EventDate "2004.09.23"]
[Source "Roberto Alvarez"]
[SourceDate "2004.10.05"]

1. e4 e5 2. Nf3 Nf6 3. Nc3 Bb4 4. d3 d5 5. exd5 Qxd5 6. Bd2 Bxc3 7. Bxc3 Bg4 8. h3 Bxf3 9. Qxf3 Qxf3 10. gxf3 Nc6 11. f4 exf4 12. Rg1 Kf8 13. Kd2 h5 14. Bg2 Nd8 15. Be5 c6 16. Bxf4 Ne6 17. Bd6+ Ke8 18. c4 Rd8 19. Bh2 h4 20. Rae1 Rh5 21. Re5 Rxe5 22. Bxe5 Nd7 23. Bh2 Ndc5 24. Bf1 g5 25. f4 Nd4 26. Bg2 gxf4 27. Re1+ Nde6 28. Bf1 Kf8 29. b4 Nd7 30. Kc3 c5 31. bxc5 Ndxc5 32. Bg1 Na4+ 33. Kb4 Nb2 34. Kc3 Na4+ 35. Kb4 Nb2 36. d4 Nxd4 37. Rb1 Nc6+ 38. Ka3 Nd1 39. Bc5+ Kg7 40. Rxb7 Ne3 41. Be2 Rd2 42. Bf3 Nxc4+ 43. Ka4 N6e5 44. Be4 Rxa2+ 45. Kb4 Rb2+ 46. Kc3 Rxb7 47. Bxb7 a5 48. Bf2 Nd6 49. Bd5 Nf5 50. Bb6 f3 51. Kd2 a4 52. Bc5 f6 53. Be4 Kg6 54. Bc2 a3 55. Bb3 Kg5 56. Bd5 Kf4 57. Be6 Kg3 58. Bxf5 a2 59. Bd4 Nc4+ 60. Kc1 Ne3 61. Bd3 f5 62. Kb2 f4 63. Be5 f2 64. Kxa2 f1=Q 65. Bxf1 Nxf1 66. Kb2 Kxh3 67. Bxf4 Kg2 68. Kc3 h3 0-1

[Event "Bled op"]
[Site "Bled"]
[Date "1999.03.22"]
[Round "3"]
[White "Podlesnik, Bogdan"]
[Black "Mikhalchishin, Adrian"]
[Result "1/2-1/2"]
[WhiteElo "2409"]
[BlackElo "2542"]
[PlyCount "24"]
[EventDate "1999.03.20"]
[Source "ChessBase"]
[SourceDate "1999.05.10"]

1. e4 e5 2. Nf3 Nf6 3. Nc3 Bb4 4. Nxe5 O-O 5. Be2 Re8 6. Nd3 Bxc3 7. dxc3 Nxe4 8. Nf4 d6 9. O-O Nd7 10. c4 Ndc5 11. f3 Nf6 12. b3 Qe7 1/2-1/2

[Event "Moscow ol (Men)"]
[Site "Moscow"]
[Date "1994.??.??"]
[Round "7"]
[White "Sepp, Olav"]
[Black "Zarnicki, Pablo"]
[Result "1/2-1/2"]
[WhiteElo "2470"]
[BlackElo "2475"]
[PlyCount "91"]
[EventDate "1994.11.??"]
[Source "ChessBase"]

1. e4 e5 2. Nf3 Nf6 3. Nc3 Bb4 4. Nxe5 O-O 5. Be2 Re8 6. Nd3 Bxc3 7. dxc3 Nxe4 8. Nf4 d6 9. O-O Nd7 10. c4 Ndf6 11. a4 a5 12. Be3 Bf5 13. Bd4 Ng5 14. Ra3 Ne6 15. Nxe6 Rxe6 16. Rg3 Qe7 17. Bd3 Bg6 18. Qf3 Ne4 19. Bxe4 Rxe4 20. Qc3 f6 21. c5 dxc5 22. Bxc5 Qf7 23. b3 b6 24. Be3 Rd8 25. h3 Rd6 26. Rg4 Rxg4 27. hxg4 Qd7 28. Qc4+ Kh8 29. g5 fxg5 30. Bxg5 Rd1 31. Rxd1 Qxd1+ 32. Kh2 h6 33. Bf4 c5 34. c3 Qh5+ 35. Kg1 Qd1+ 36. Kh2 Qh5+ 37. Kg1 Bf7 38. Qd3 Bxb3 39. Qd8+ Bg8 40. Qxb6 Qd1+ 41. Kh2 Qxa4 42. Be5 Qh4+ 43. Kg1 Qh5 44. Qxc5 Qd1+ 45. Kh2 Qh5+ 46. Kg1 1/2-1/2

[Event "Bad Ragaz Open"]
[Site "Bad Ragaz SUI"]
[Date "1994.??.??"]
[Round "5"]
[White "Lau, Ralf"]
[Black "Raetsky, Alexander"]
[Result "1-0"]
[WhiteElo "2535"]
[BlackElo "2410"]
[PlyCount "87"]
[EventDate "1994.04.??"]
[Source "www.chesslib.no"]
[SourceDate "2004.05.04"]

1. e4 e5 2. Nf3 Nf6 3. Nc3 Bb4 4. Nxe5 O-O 5. Nd3 Bxc3 6. dxc3 Nxe4 7. Be2 Nc6 8. O-O d6 9. Re1 Re8 10. Bf1 Bf5 11. f3 Nf6 12. Bg5 Ne5 13. Qd2 h6 14. Bh4 g5 15. Bf2 Nd5 16. Nxe5 dxe5 17. Rad1 Nf4 18. Rxe5 Qxd2 19. Rxe8+ Rxe8 20. Rxd2 a6 21. c4 Kg7 22. a4 Kg6 23. h4 f6 24. a5 Kf7 25. hxg5 hxg5 26. b4 Be6 27. Bg3 Bf5 28. Kf2 Ne6 29. c5 c6 30. Bc4 Kg6 31. Bd6 Nd8 32. g4 Bc8 33. Bd3+ Kg7 34. c4 Nf7 35. b5 cxb5 36. cxb5 axb5 37. Bxb5 Rd8 38. Ke3 Rh8 39. Bc7 f5 40. gxf5 Bxf5 41. Bb6 Ne5 42. Rd5 Kf6 43. Bd8+ Kg6 44. Rd6+ 1-0

[Event "RUS-Cup5"]
[Site "Ekaterinburg"]
[Date "1997.??.??"]
[Round "7"]
[White "Lastin, Alexander"]
[Black "Tolstikh, Nikolay"]
[Result "1-0"]
[WhiteElo "2535"]
[BlackElo "2410"]
[PlyCount "95"]
[EventDate "1997.02.13"]
[Source "ChessBase"]

1. e4 e5 2. Nf3 Nf6 3. Nc3 Bb4 4. Bc4 O-O 5. d3 d5 6. exd5 Nxd5 7. Bd2 Nxc3 8. bxc3 Bd6 9. Ng5 h6 10. Ne4 Nc6 11. a4 Qe7 12. Rb1 Rb8 13. Qh5 Be6 14. Bxe6 Qxe6 15. g4 Ne7 16. Rg1 Qg6 17. Qxg6 Nxg6 18. Ke2 f6 19. c4 Be7 20. Rb2 b6 21. a5 Rfc8 22. Rgb1 Nf8 23. Be3 Nd7 24. Ra2 Kf7 25. f4 Ke6 26. f5+ Kf7 27. h3 Bf8 28. Kf3 Be7 29. h4 Rh8 30. axb6 axb6 31. Ra7 Rhc8 32. Rba1 Ke8 33. Nc3 Bc5 34. Nd5 Bxe3 35. Kxe3 Kd8 36. g5 hxg5 37. hxg5 fxg5 38. Rg1 Nf6 39. Rxg5 Ne8 40. Ke4 Nd6+ 41. Kf3 Ne8 42. Rh5 Ra8 43. Rxa8 Rxa8 44. Rh8 Kd7 45. f6 e4+ 46. Ke3 exd3 47. f7 dxc2 48. Kd2 1-0

[Event "Bonn GSK"]
[Site "Bonn"]
[Date "1994.??.??"]
[Round "5"]
[White "Shabalov, Alexander"]
[Black "Gawehns, Klaus"]
[Result "1-0"]
[WhiteElo "2590"]
[BlackElo "2345"]
[PlyCount "61"]
[EventDate "1994.??.??"]
[Source "ChessBase"]

1. e4 e5 2. Nf3 Nf6 3. Nc3 Bb4 4. Nxe5 O-O 5. Be2 Re8 6. Nd3 Bxc3 7. dxc3 Nxe4 8. O-O d6 9. Nf4 Nc6 10. c4 a5 11. a4 b6 12. Ra3 Bb7 13. Rh3 Ne5 14. Nd5 Nc5 15. b3 Ng6 16. Bg4 Bc8 17. Bb2 Ne4 18. Re3 c6 19. Qd4 Re5 20. Bxc8 cxd5 21. Bb7 Ra7 22. Bxd5 Nf6 23. Rxe5 Nxe5 24. f4 Ned7 25. g4 Nc5 26. f5 h6 27. h4 Re7 28. g5 hxg5 29. hxg5 Ne8 30. g6 Nf6 31. Qh4 1-0

[Event "FSGM March"]
[Site "Budapest"]
[Date "2004.03.13"]
[Round "8"]
[White "Drabke, Lorenz"]
[Black "Seres, Lajos"]
[Result "1/2-1/2"]
[WhiteElo "2439"]
[BlackElo "2496"]
[PlyCount "117"]
[EventDate "2004.03.06"]
[Source "Roberto Alvarez"]
[SourceDate "2004.03.22"]

1. e4 e5 2. Nf3 Nf6 3. Nc3 Bb4 4. Nxe5 O-O 5. Be2 Re8 6. Nd3 Bxc3 7. dxc3 Nxe4 8. Nf4 d6 9. O-O Nd7 10. c4 b6 11. f3 Nec5 12. b3 Qf6 13. Rb1 Qe5 14. Re1 Nf6 15. Qd2 h6 16. Bb2 Qg5 17. Rbd1 Bf5 18. Nd3 Qg6 19. Bf1 Nxd3 20. cxd3 Rxe1 21. Rxe1 Re8 22. Rxe8+ Nxe8 23. Qe3 Kf8 24. b4 Qe6 25. Qd2 Nf6 26. Kf2 Nd7 27. Qc3 Qe5 28. Qxe5 Nxe5 29. Ke3 f6 30. h3 c5 31. d4 cxd4+ 32. Kxd4 Nc6+ 33. Kd5 Nxb4+ 34. Kxd6 Nxa2 35. Kc7 Ke8 36. Kb7 Kd7 37. Kxa7 Kc6 38. g4 Bh7 39. Ba3 g6 40. Be7 f5 41. Bd8 Nc3 42. Bxb6 Bg8 43. Bd4 Na4 44. gxf5 gxf5 45. Be3 h5 46. Ka6 Nb2 47. Bg2 Nxc4 48. Bf4 Bd5 49. Ka7 Kc5 50. Kb8 Kd4 51. Kc7 Ne5 52. Kd6 Nxf3 53. Bc1 Be4 54. Bxf3 Bxf3 55. Ke6 Bg4 56. hxg4 fxg4 57. Kf5 g3 58. Kf4 h4 59. Kf3 1/2-1/2

[Event "Ceske Budejovice Open"]
[Site "Ceske Budejovice CZE"]
[Date "1994.??.??"]
[Round "3"]
[White "Kuporosov, Viktor"]
[Black "Tolstikh, Nikolay"]
[Result "1/2-1/2"]
[WhiteElo "2520"]
[BlackElo "2410"]
[PlyCount "82"]
[EventDate "1994.??.??"]
[Source "www.chesslib.no"]
[SourceDate "2004.05.04"]

1. e4 e5 2. Nf3 Nf6 3. Nc3 Bb4 4. Be2 d6 5. d3 Bxc3+ 6. bxc3 h6 7. O-O O-O 8. Re1 Nc6 9. Bf1 Re8 10. h3 Bd7 11. g3 Ne7 12. Rb1 Rb8 13. Bg2 Ng6 14. c4 c5 15. Be3 b5 16. cxb5 Rxb5 17. Rxb5 Bxb5 18. Qd2 Ba6 19. Qc3 Ne7 20. Qa3 Qb6 21. Nd2 Nc6 22. Rb1 Qa5 23. Rb3 Qxa3 24. Rxa3 Nb8 25. f4 Nfd7 26. h4 f6 27. Bh3 Nb6 28. Bf5 Re7 29. Kf2 Kf7 30. h5 Rb7 31. fxe5 fxe5 32. g4 N6d7 33. Rb3 Rxb3 34. axb3 Nf8 35. Nf3 Nc6 36. Ke2 Nd4+ 37. Nxd4 cxd4 38. Bf2 Bb5 39. Kd2 Ne6 40. c4 dxc3+ 41. Kxc3 a6 1/2-1/2

[Event "It \\"]
[Site "?"]
[Date "2005.08.06"]
[Round "5"]
[White "Simacek Pavel"]
[Black "Popchev Milko"]
[Result "1-0"]
[WhiteElo "2453"]
[BlackElo "2476"]
[PlyCount "133"]
[EventDate "2005.??.??"]
[Source "www.chesslib.no"]
[SourceDate "2004.05.04"]

1. e4 e5 2. Nf3 Nf6 3. Nc3 Bb4 4. Nxe5 O-O 5. Be2 d6 6. Nd3 Bxc3 7. dxc3 Nxe4 8. O-O Nd7 9. f3 Nef6 10. c4 Re8 11. Re1 d5 12. Nf4 Nb6 13. cxd5 Nbxd5 14. Nxd5 Qxd5 15. Qxd5 Nxd5 16. Bd2 Bf5 17. Bc4 Nb6 18. Bf1 Bxc2 19. Rac1 Ba4 20. Rxc7 Bc6 21. Rce7 Rxe7 22. Rxe7 Nd5 23. Re4 Rd8 24. Rd4 Rd7 25. Kf2 Kf8 26. h4 a6 27. Bd3 h6 28. Bf5 Rd8 29. Bb4+ Kg8 30. Ba5 Re8 31. Be4 Ne7 32. Bb4 Ng6 33. Bxc6 bxc6 34. h5 Nf8 35. Rd6 Rc8 36. Ke3 Ne6 37. Rd7 c5 38. Bc3 Re8 39. Ra7 c4 40. g4 Nc7+ 41. Kf2 Nd5 42. Rxa6 Nf4 43. Rc6 Re2+ 44. Kg3 Nd3 45. Rxc4 Nxb2 46. Rd4 Rc2 47. Bb4 Na4 48. a3 g5 49. hxg6 fxg6 50. Kf4 h5 51. Kg5 hxg4 52. fxg4 Rc6 53. Rd8+ Kf7 54. Rd7+ Ke8 55. Re7+ Kd8 56. Rg7 Nc5 57. Bxc5 Rxc5+ 58. Kxg6 Ra5 59. Rf7 Rxa3 60. g5 Ke8 61. Rf4 Re3 62. Kg7 Re7+ 63. Kh6 Re1 64. g6 Re2 65. g7 Rh2+ 66. Kg6 Rg2+ 67. Kf6 1-0

[Event "Balatonlelle"]
[Site "?"]
[Date "2006.07.14"]
[Round "3"]
[White "Szabo Krisztian"]
[Black "Berczes David"]
[Result "1/2-1/2"]
[WhiteElo "2467"]
[BlackElo "2461"]
[PlyCount "64"]
[EventDate "2006.??.??"]
[Source "www.chesslib.no"]
[SourceDate "2004.05.04"]

1. e4 e5 2. Nf3 Nf6 3. Nc3 Bb4 4. Nxe5 O-O 5. Be2 Re8 6. Nd3 Bxc3 7. dxc3 Nxe4 8. c4 d5 9. Nf4 d4 10. O-O c6 11. a4 Na6 12. Ra3 Nac5 13. Nd3 a5 14. Re1 Be6 15. f3 Nxd3 16. Rxd3 Nc5 17. Rxd4 Qb6 18. b3 Bf5 19. Kf1 Ne6 20. Rd6 Qc5 21. Qd2 Rad8 22. Rxd8 Rxd8 23. Qc3 Qd6 24. Qxa5 Bxc2 25. Qc3 Qxh2 26. Qxc2 Qh1+ 27. Kf2 Qh4+ 28. Kf1 Qh1+ 29. Kf2 Qh4+ 30. Kf1 Qh1+ 31. Kf2 Qh4+ 32. g3 Qh2+ 1/2-1/2

[Event "BL2-West 9900"]
[Site "Germany"]
[Date "2000.02.20"]
[Round "6.2"]
[White "Richter, Wolfgang"]
[Black "Meijers, Viesturs"]
[Result "1-0"]
[WhiteElo "2450"]
[BlackElo "2472"]
[PlyCount "67"]
[EventDate "1999.10.??"]
[Source "ChessBase"]
[SourceDate "2000.03.10"]

1. e4 e5 2. Nf3 Nf6 3. Nc3 Bb4 4. Nxe5 O-O 5. Be2 d6 6. Nd3 Bxc3 7. dxc3 Nxe4 8. O-O h6 9. Nf4 Nc6 10. c4 Re8 11. Re1 Bf5 12. Bf1 Nf6 13. Bd2 Qd7 14. Nd5 Nxd5 15. cxd5 Ne5 16. c4 b6 17. Bc3 f6 18. a4 a5 19. c5 Qf7 20. cxb6 cxb6 21. Qd4 Qg6 22. Re3 Nd7 23. Rg3 Qh5 24. Qf4 Ne5 25. Re1 Ng4 26. Rxe8+ Rxe8 27. h3 Ne5 28. Bb5 Rc8 29. Be2 Qxe2 30. Qxf5 Re8 31. f4 Qd1+ 32. Kh2 Qf1 33. Qxf6 g5 34. fxe5 1-0

[Event "Katerini op"]
[Site "Katerini"]
[Date "1992.??.??"]
[Round "?"]
[White "Gurieli, Nino"]
[Black "Alterman, Boris"]
[Result "0-1"]
[WhiteElo "2375"]
[BlackElo "2545"]
[PlyCount "59"]
[EventDate "1992.08.??"]
[Source "ChessBase"]

1. e4 e5 2. Nf3 Nf6 3. Nc3 Bb4 4. Bc4 O-O 5. O-O Bxc3 6. bxc3 Nxe4 7. Nxe5 d5 8. Be2 Re8 9. Nf3 c5 10. Bb2 Qf6 11. Re1 Nc6 12. Bb5 Bg4 13. Re3 Re6 14. Qe1 Rae8 15. h3 Bxf3 16. Rxf3 Nxc3 17. Qc1 Qxf3 18. gxf3 Nxb5 19. c4 Nbd4 20. Bxd4 Nxd4 21. Qb2 Rb6 22. Qa3 Rg6+ 23. Kh1 b6 24. Qxa7 dxc4 25. Qd7 Rge6 26. Qd5 Re2 27. Rf1 h6 28. a4 Nb3 29. a5 Nxd2 30. Re1 0-1

[Event "VISA Nordic GP Final"]
[Site "?"]
[Date "1999.08.07"]
[Round "1"]
[White "Hector Jonny"]
[Black "Gunnarsson Jon Viktor"]
[Result "1/2-1/2"]
[WhiteElo "2505"]
[BlackElo "2411"]
[PlyCount "134"]
[EventDate "1999.??.??"]
[Source "www.chesslib.no"]
[SourceDate "2004.05.04"]

1. e4 e5 2. Nf3 Nf6 3. Nc3 Bb4 4. Nxe5 O-O 5. Be2 d6 6. Nd3 Bxc3 7. dxc3 Nxe4 8. Nf4 Re8 9. O-O Nc6 10. c4 h6 11. f3 Nf6 12. Rf2 Bf5 13. b3 g5 14. Bd3 Qd7 15. Ne2 d5 16. Bb2 dxc4 17. Bxc4 Rad8 18. Qf1 Nd5 19. Bxd5 Qxd5 20. Ng3 Bg6 21. Kh1 f5 22. f4 g4 23. Re2 Rxe2 24. Qxe2 Re8 25. Qf2 h5 26. Nf1 Qe6 27. Qc5 Kh7 28. Qc3 Qf7 29. Re1 Rg8 30. Ne3 h4 31. Rd1 Kh6 32. Nd5 Qe6 33. Nxc7 Qe2 34. Qd2 Qxd2 35. Rxd2 Rc8 36. Nd5 Re8 37. Kg1 Re1+ 38. Kf2 Rh1 39. Ne3 h3 40. Kg3 Re1 41. Nc4 b5 42. Nd6 Re3+ 43. Kf2 g3+ 44. hxg3 h2 45. Rd1 Re2+ 46. Kxe2 Bh5+ 47. g4 Bxg4+ 48. Kd2 Bxd1 49. Nxf5+ Kh5 50. Ng3+ Kh4 51. Nh1 Bh5 52. Ke3 Kg4 53. c3 Ne7 54. c4 bxc4 55. bxc4 Bf7 56. c5 Bxa2 57. Be5 Nf5+ 58. Kf2 Bd5 59. Bc7 a6 60. Kf1 a5 61. Nf2+ Kg3 62. Nh1+ Kh4 63. Bd8+ Kg4 64. Nf2+ Kg3 65. Nh1+ Kg4 66. Bxa5 Ne3+ 67. Ke2 Nxg2 1/2-1/2